| 000 | 00000nas##2200000za#4500 |
|---|---|
| 001 | 9.509053 |
| 003 | CaOODSP |
| 005 | 20210615082505 |
| 007 | ta |
| 008 | 150406c1994||||xxc|| m #||||f| |0fre|d |
| 040 | |aCaOODSP|bfre |
| 041 | |aeng |
| 041 | |afre |
| 043 | |an-cn--- |
| 086 | 1 |aC21-24 |
| 110 | 1 |aCanada.|bIndustrie Canada. |bDirection de l'analyse micro-économique. |
| 245 | 10|aDocuments de travail |
| 260 | |bIndustrie Canada. |
| 310 | |aIrrégulier |
| 362 | 1 |aN° 1 (1994)-- |
| 563 | |aCouverture souple |
| 776 | 0#|tDocument de travail |w(CaOODSP)9.501123 |
| 791 | |tWorking paper |eeng|w(CaOODSP)9.509052 |